01160 2200373 4500001002100000005001500021035002000036007000300056040001700059100001400076245020000090250001200290300003200302020001800334041000800352082000800360084001400368090001800382264004500400336002100445337003000466338002300496650001900519850001000538008004100548110003300589990001800622990001800640990002500658990002500683990002600708990002600734990002600760INLIS00000000000502820260515102909 a0010-0222000118ta aSBPUPADbind0 ePengarang1 aUndang-undang Republik Indonesia Nomor 10 Tahun 2008 Tentang Pemilihan Umum Anggota Dewan Perwakilan Rakyat, Dewan Perwakilan Daerah dan Dewan Perwakilan Rakyat Daerah :bSeri Perundang-undangan a.-Cet.1 a188 hal. :billus. ;c21 cm a979-3418-89-30 aind a324 a324 IND u a330 ROB e 8-7 a.--yogyakarta :bPustaka Yustisia,c2008 2rdacontentaTeks 2rdamediaaTanpa Perantara 2rdacarrieraVolume 4aPemilihan Umum aPUPAD260515 0 0 aTim Redaksi Pustaka Yustisia a11567/BR/2009 a10667/BR/KAPD a11569/BR/KAPD.Pdg.09 a11568/BR/KAPD.Pdg.09 a110666/BR/KAPD.Pdg.09 a110665/BR/KAPD.Pdg.09 a110667/BR/KAPD.Pdg.09